| 000 | 00373nam a22001697a 4500 | ||
|---|---|---|---|
| 005 | 20260629133309.0 | ||
| 020 | _a9788194965992 | ||
| 041 | _aEnglish | ||
| 082 | _aT16 R25 PAR | ||
| 100 | _aParamasivan Tho | ||
| 245 | _aAriyapatatha Tamizhigam | ||
| 250 | _a01 | ||
| 260 |
_aChennai _bNatriani Pathippagam _c2025 |
||
| 300 | _a112 | ||
| 365 | _b150.00 | ||
| 942 | _cBK | ||
| 999 |
_c178005 _d178005 |
||